| 000 | 01086nam a2200349 i 4500 | ||
|---|---|---|---|
| 001 | 1211 | ||
| 003 | KOSZ 005 | ||
| 005 | 20200124074903.0 | ||
| 008 | 981118s1985 pl |000 0 pol | ||
| 015 | _aPB 1985/1249 | ||
| 020 | _a8321331777 | ||
| 035 | _a(OCoLC)835909824 | ||
| 040 |
_aWA N _cKOSZ 005/HR _dKOSZ 005/HR |
||
| 041 | 0 | _apol | |
| 080 | _a349.6(438)"19" | ||
| 080 | _a349.442(438)"19" | ||
| 080 | _a502.13/.14 | ||
| 100 | 1 |
_aRadziszewski, Edward _d(1923- ) _eAutor |
|
| 245 | 1 | 0 |
_aOchrona środowiska a budownictwo / _cEdward Radziszewski. |
| 260 |
_aWarszawa : _b"Arkady", _c1985. |
||
| 300 |
_a434, [1] s. ; _c21 cm. |
||
| 380 | _aKsiążki. | ||
| 388 | _a1901- | ||
| 650 | 4 |
_aBudownictwo _xa ochrona środowiska |
|
| 658 | _aOchrona środowiska | ||
| 658 | _aArchitektura i budownictwo | ||
| 651 | 4 | _aPolska | |
| 650 | 4 | _aPrawo ochrony środowiska | |
| 710 | 2 |
_aWydawnictwo "Arkady". _4pbl. |
|
| 856 |
_uhttp://koha.tu.koszalin.pl/cgi-bin/koha/opac-detail.pl?biblionumber=1211 _yKatalog online BPK |
||
| 942 |
_2UKD _cKS |
||
| 999 |
_c1211 _d1211 |
||